00934nas a2200229Ia 4500001001100000003000900011008004100020040001300061040001300074041001300087100004500100210001800145222001800163245007100181250001100252260004100263501008600304300001700390362003400407500020900441650005400650R138/B2842IT-RoPAU151124c99999999xx |||||||||||| ||und|| aIT-RoPAU cIT-RoPAU aITALIANO aCamera MirellagCodice Aut. SPICS: 31198 aFAMIGLIA OGGI aFamiglia Oggi aFAMIGLIA OGGI, ANNO 16-N.01 (GENNAIO 1993)bSiamo Tutti Pitagorici a1a ed. aMILANObST PAULS INTERNATIONALc1993 bPaulus - SPICS - Società San Paolo EM (non-commercial uses only)cCopyright2015 a2 p. [63-64] aANNO 016, N.01 (GENNAIO 1993) aGiornali e Televisioni Usano Sempre più Indagini, Sondaggi e Numeri che Dovrebbero Darci Un'Idea della Realtà e che Invece la Deformano. Le Cifre Infatti Possono Ostacolare le Valutazioni Qualitative. aCOMUNICAZIONE - FAMIGLIAvPUBBLICAZIONE PERIODICA